000 003330000a22001210004500
020 _a06-440031-x
100 1 _aWilder, Laura Ingalls
245 1 0 _aThe First Four Years / Laura Ingalls Wilder, il. Garth Williamns
260 _aNew York: Harper Trophy Book
300 _a134 P.
500 _aNovela Juvenil Clasica. Tomo 9
001 297
999 _c47542
_d47542